Normal view
MARC view
- Zubair Khan, Humayun
Entry Personal Name
001 - CONTROL NUMBER
- control field: 133119
003 - CONTROL NUMBER IDENTIFIER
- control field: NUST
005 - DATE AND TIME OF LATEST TRANSACTION
- control field: 20260207114139.0
008 - FIXED-LENGTH DATA ELEMENTS
- fixed length control field: 260207|| aca||aabn | a|a d
040 ## - CATALOGING SOURCE
- Original cataloging agency: NUST
- Transcribing agency: NUST
100 ## - HEADING--PERSONAL NAME
- Personal name: Zubair Khan, Humayun
670 ## - SOURCE DATA FOUND
- Source citation: Work cat.: (NUST): Zubair Khan, Humayun, Resource Allocation in Uplink Downlink Decoupled Heterogeneous Networks /, 2008
